Tri thức dân gian với nghề dệt của người Tày Nghĩa Đô
Tìm hiểu về vùng đất Nghĩa Đô và người Tày ở Nghĩa Đô. Tri thức dân gian về nghề trồng bông, trồng dâu, nuôi tằm làm nguyên liệu dệt vải, dệt thổ cẩm. Giới thiệu về quy trình dệt vải và thổ cẩm; nghệ thuật trang trí trên thổ cẩm; thổ cẩm trong đời sống của người Tày ở Nghĩa Đô...
Сохранить в:
| Главный автор: | |
|---|---|
| Другие авторы: | , |
| Формат: | |
| Язык: | Vietnamese |
| Опубликовано: |
H.
Văn hoá Thông tin
2014
|
| Предметы: | |
| Метки: |
Добавить метку
Нет меток, Требуется 1-ая метка записи!
|
| Thư viện lưu trữ: | Mạng thư viện Đại học Đà Nẵng |
|---|
| LEADER | 02199aam a22004818a 4500 | ||
|---|---|---|---|
| 001 | 000020667 | ||
| 003 | 17114 | ||
| 005 | 20150331090323.0 | ||
| 008 | 150324s2014 viesd | ||
| 020 | |d 2000b | ||
| 041 | 0 | |a vie | |
| 082 | 0 | 4 | |2 23 |a 746.140899592 |b NG-M |
| 100 | 1 | |a Nguyễn Hùng Mạnh | |
| 245 | 1 | 0 | |a Tri thức dân gian với nghề dệt của người Tày Nghĩa Đô |c Nguyễn Hùng Mạnh, Nguyễn Thị Lan Phương (ch.b.), Ma Thanh Sợi |
| 260 | |a H. |b Văn hoá Thông tin |c 2014 | ||
| 300 | |a 191 tr. |b bảng |c 21 cm. | ||
| 500 | |a ĐTTS ghi: Hội Văn nghệ dân gian Việt Nam | ||
| 504 | |a Thư mục: tr. 181 | ||
| 520 | |a Tìm hiểu về vùng đất Nghĩa Đô và người Tày ở Nghĩa Đô. Tri thức dân gian về nghề trồng bông, trồng dâu, nuôi tằm làm nguyên liệu dệt vải, dệt thổ cẩm. Giới thiệu về quy trình dệt vải và thổ cẩm; nghệ thuật trang trí trên thổ cẩm; thổ cẩm trong đời sống của người Tày ở Nghĩa Đô | ||
| 650 | 0 | 4 | |a Dệt |x Người Tày |x Tri thức dân gian |z Nghĩa Đô (Lào Cai) |
| 650 | 7 | |2 Bộ TK TVQG | |
| 650 | 7 | |2 Bộ TK TVQG | |
| 650 | 7 | |2 Bộ TK TVQG | |
| 651 | 7 | |2 Bộ TK TVQG |a Bảo Yên | |
| 651 | 4 | |a Nghĩa Đô | |
| 651 | 7 | |2 Bộ TK TVQG |a Lào Cai | |
| 653 | |a Tri thức dân gian | ||
| 653 | |a Người Tày | ||
| 653 | |a Nghề dệt | ||
| 700 | 1 | |a Nguyễn Thị Lan Phương |e ch.b. | |
| 700 | 1 | |a Ma Thanh Sợi | |
| OWN | |a LSP | ||
| AVA | |a UDN50 |b LNN |d 895.922 NG-M |e available |t Error 5001 Not defined in file expand_doc_bib_avail. |f 1 |g 0 |h N |i 0 | ||
| AVA | |a UDN50 |b LSP |d 746.140899592 NG-M |e available |t Error 5001 Not defined in file expand_doc_bib_avail. |f 1 |g 0 |h N |i 0 |k 1 | ||
| 999 | |a From the UDN01 | ||
| AVA | |a UDN50 |b LNN |d 895.922 NG-M |e available |t Error 5001 Not defined in file expand_doc_bib_avail. |f 1 |g 0 |h N |i 0 | ||
| AVA | |a UDN50 |b LSP |d 746.140899592 NG-M |e available |t Error 5001 Not defined in file expand_doc_bib_avail. |f 1 |g 0 |h N |i 0 |k 1 | ||
| TYP | |a Monograph | ||
| TYP | |a Printed language | ||
| 980 | |a Mạng thư viện Đại học Đà Nẵng | ||